La Mancomunidad de Cataluña : breve noticia de su organización y su obra breve noticia de su organización y su obra
Descripción Física:
149 p., [12] làm. ; 19 cm
Materias:
Catalunya. -- Mancomunitat
MARC
| LEADER | 00000nam a2200000Ia 4500 | ||
|---|---|---|---|
| 001 | 422 | ||
| 008 | 160829s1922 xx 000 0 cat d | ||
| 080 | |a M-3-35 | ||
| 110 | 2 | |a Catalunya. |b Mancomunitat |9 53015 | |
| 245 | |a La Mancomunidad de Cataluña : |b breve noticia de su organización y su obra | ||
| 250 | |a Ed. en castellano | ||
| 260 | |a Barcelona : |b (Imp. de la Casa de Caridad), |c 1922 | ||
| 300 | |a 149 p., [12] làm. ; |c 19 cm | ||
| 590 | |a Existeix una edició en català. | ||
| 590 | |a Hi ha un duplicat amb R. 516 a: DUP-238 | ||
| 610 | 2 | 0 | |a Catalunya. |b Mancomunitat |9 53015 |
| 856 | 4 | |u https://media.diba.cat/diba/fitxers/arxiu/mancomunitat/bib_422_baixa.pdf |y Accés lliure | |
| 901 | |a Arxiu | ||
| 942 | |n 1 |2 udc | ||
| 952 | |0 0 |1 0 |4 0 |6 M335 |7 1 |9 48026 |a Arxiu |b Arxiu |d 2016-12-01 |l 0 |o M-3-35 |p 422 |r 2016-12-01 00:00:00 |w 2016-12-01 |y ARXIU | ||
| 999 | |c 51827 |d 51827 | ||
| 900 | |a bib_422_baixa.pdf | ||